| 000 | 00460 a2200133 4500 | ||
|---|---|---|---|
| 999 |
_c327413 _d327413 |
||
| 001 | 92340 | ||
| 003 | NUST | ||
| 005 | 20180120151218.0 | ||
| 008 | 180120b xxu||||| |||| 00| 0 eng d | ||
| 082 | _a327.117 NIE | ||
| 100 |
_aThomas Galasz Nielsen, Mahroona Hussain Syed & David Vestenskov _99265 |
||
| 245 | _aCounterinsurgency and Counterterrorism : Sharing Experiences in Afghanistan and Pakistan | ||
| 260 |
_aDenmark _bRoyal Denish Defence College Publishing House _c2015 |
||
| 300 | _a356p. | ||
| 500 | _aGeenral Book | ||
| 942 |
_aCEA NUST _cBK _k327.117 NIE _2ddc |
||